• 首页
  • 本馆介绍
  • 公告通知
  • 最新文献
  • 馆藏检索
  • 电子资源
  • 读者导购
  • 参考咨询
  • 我的图书馆
  • 登录
  • 详细信息显示
  • 放入我的书架
  • 预约/预借图书
  • 作者相关作品
  • 分类相关作品
  • 丛书相关作品
  • 出版社相关作品

书目信息

  • 表格格式
  • 工作单格式
  • 卡片格式
题名:
公共经济
    
 
作者: 郑煜
分册:  
出版信息: 北京   国家行政学院出版社  2005
页数: 373
开本: 20cm
丛书名: 公共管理丛书
单 册:
中图分类: F06
科图分类:
主题词: 经济学--分支科学
电子资源:
ISBN: 7-80140-410-6
000 00536nam0 2200205 450
001 0734081268
005 20071007092801.28
010    @a7-80140-410-6
100    @a20071007d km y0chiy0120 ea
101 0  @achi
200 1  @a公共经济@Agong gong jing ji@f郑煜@Fzheng yu
210    @a北京@c国家行政学院出版社@d2005
215    @a373@d20cm
225 2  @a公共管理丛书
410  0 @12001 @a公共管理丛书
606 0  @a经济学@x分支科学
690    @aF06@v3
701  0 @a郑煜@Azheng yu
801  0 @aCN@bPFT@c20071007
905    @a213230@dF06@ea1@f1
    
    公共经济/郑煜.-北京:国家行政学院出版社,2005
    373;20cm.-(公共管理丛书)
    
    
    ISBN 7-80140-410-6:
    
●
相关链接 在E读中查询图书 在五车中查询图书 在当当中查询图书 在豆瓣中查询图书


正题名:公共经济     索取号:F06/a1         预约/预借

序号 登录号 条形码 馆藏地/架位号 状态 备注
1 7505872   275058722   史法系资料室/ [索取号:F06/a1] 在馆    
欢迎您!
大连网信软件有限公司© 版权所有